000 00428nam a2200169Ia 4500
003 GCL
008 140319s9999 xx 000 0 eng d
040 _aGCL /
_cGCL
082 0 4 _a910.02
_bM W
100 1 _aMATHER, PAUL
245 1 0 _aTHE WORLD MOST BEAUTIFUL PLACES /
_cMATHER, PAUL
700 1 _aMATHE, JEAN
260 _a[S.N] :
_bEDUCATION MINERVA ،
_c1989
650 0 4 _aGEOGRAPHY
650 0 4 _aWORLD
942 _2ddc
_cBK
999 _c24192
_d24192